000 00341nam a22001457a 4500
008 210224b ||||| |||| 00| 0 eng d
020 _a9781455702701
041 _aeng
080 _27th
_a610.73
082 _a610.73
100 _a1
101 _aINF
245 _aProfessional Nursing Concepts & Challenges
_cBlack,B.P
942 _2udc
_cBK
999 _c55158
_d55158